Statistics for Roller Coaster Manufacturers

Click here to take the quiz!

General Stats

  • This quiz has been taken 667 times
  • The average score is 10 of 15

Answer Stats

Manufactured Roller CoastersManufacturer% Correct
Steel Vengeance, Lightning Rod, Iron RattlerRocky Mountain Construction
98%
Fury 325, Valravn, ThunderbirdBolliger and Mabillard
96%
Millenium Force, Expedition G-Force, MaverickIntamin LLC
92%
Expedition Everest, Firehawk, Rock N' Roller CoasterVekoma
84%
Wodan Timburcoaster, Prowler, WickermanGreat Coasters International
83%
Tennessee Tornado, Cedar Creek Mine Ride, NinjaArrow Dynamcs
75%
DC rivals, Cobra's Curse, MantaMack Rides
68%
Powder Keg, Dodondpa, Sequoia AdventureS&S
65%
Mine Blower, Hades 360, SwitchbackGravity Group
60%
Backlot Stunt Coaster, Electric Eel, Full ThrottlePremier Rides
54%
Hollywood Rip Ride Rockit, Laff TrakkMaurer Sohne
51%
Blue Streak, Phoenix, Racer 75Philidelphia Toboggan Co.
47%
Shockwave, Mindbender, New RevolutionSchwarzkopf
41%
Rollin' Thunder, Whistle Punk Coaster, Pipe ScreamZamperla
33%
The Smiler, Mystery Mine, PandemoniumGerstlaurer
14%

Score Distribution

Percentile by Number Answered

Percent of People with Each Score

Your Score History

You have not taken this quiz